| 000 | 00383 a2200169 4500 | ||
|---|---|---|---|
| 001 | 192693 | ||
| 020 | _a85-08-05369-X | ||
| 040 | _cMagnum | ||
| 100 | _aFabricio, Branca Falabella | ||
| 240 | 1 | 0 |
_aMystery at the campsite _lING |
| 245 | 1 | 0 | _aMystery at the campsite |
| 300 | _a40 | ||
| 362 | 0 | _a2004 | |
| 440 | 1 | _aÁtica | |
| 697 | _aLITERATURA INFANTIL INGLESA | ||
| 942 | _cBK | ||
| 999 |
_c192693 _d192693 |
||